00581nam a2200169Ia 4500952013300000999001700133003000400150005001700154008004100171040000900212082001800221100002100239245005900260260004100319300000900360942004200369 00102ddc40708HISTORYaMESbMEScHISd2019-02-20g495.00l0o940.28 DER/Ep22547r2019-02-20 00:00:00w2019-02-20yBKzGL38R1 c20484d20484OSt20200703150250.0190216s9999||||xx |||||||||||||| ||und|| coclc a940.28bDER/E aDerry, T K93388 4aThe European World 1870-1975 /cT K Derry ; T L Jarman bSurjeet Publications,c1982.aDelhi: a504p cBK2ddch940.28iDER/Ek940.28mDER/E